[Event "Bayern-chI Bank Hofmann 12th"]
[Site "Bad Wiessee"]
[Date "2008.11.02"]
[Round "2"]
[White "Humburg, Christoph"]
[Black "De Francesco, Klaus"]
[Result "0-1"]
[WhiteElo "2105"]
[BlackElo "2345"]
[PlyCount "76"]
[EventDate "2008.11.01"]
[EventType "swiss"]
[EventRounds "9"]
[EventCountry "GER"]
[SourceTitle "EXT 2009"]
[Source "ChessBase"]
[SourceDate "2008.11.26"]
[SourceVersion "1"]
[SourceVersionDate "2008.11.26"]
[SourceQuality "1"]

1. d4 Nf6 2. Nf3 e6 3. c4 Bb4+ 4. Bd2 Qe7 5. a3 Bxd2+ 6. Nbxd2 a5 7. g3 Nc6 8. Bg2 d6 9. e4 a4 10. 0-0 e5 11. d5 Nb8 12. Qc2 Bg4 13. h3 Bxf3 14. Bxf3 Nbd7 15. b4 axb3 16. Nxb3 0-0 17. Rfc1 Nc5 18. Nxc5 dxc5 19. Rcb1 b6 20. Rb5 Ne8 21. a4 Nd6 22. Rb3 Ra5 23. Re3 Rfa8 24. Bg4 Qe8 25. Bd1 f6 26. f4 exf4 27. gxf4 Qg6+ 28. Kh2 Qh6 29. Qf2 Nxc4 30. Rg3 Re8 31. Bc2 Re7 32. Rg4 f5 33. Rh4 Qf6 34. e5 Nxe5 35. fxe5 Qxe5+ 36. Qf4 Qxa1 37. d6 Re2+ 38. Kg3 Qg1+ 0-1